[Event "Euro Online U2300 Day 1"]
[Site "chess.com INT"]
[Date "2020.05.25"]
[Round "6"]
[White "Mravunac, Damir"]
[Black "Agrafenin, Andrey"]
[Result "1-0"]
[WhiteElo "2132"]
[BlackElo "2017"]
[WhiteFideId "14502810"]
[BlackFideId "13506544"]
[EventDate "2020.05.25"]

1. f4 c5 2. b3 d5 3. Nf3 Nf6 4. e3 Nc6 5. Bb5 Bd7 6. O-O a6 7. Bxc6 Bxc6 8. Bb2
e6 9. Qe1 Be7 10. h3 O-O 11. d3 b5 12. Ne5 Bb7 13. Nd2 a5 14. a4 bxa4 15. Rxa4
Nd7 16. Nxd7 Qxd7 17. Qg3 f6 18. f5 e5 19. Rg4 Bd6 20. e4 a4 21. bxa4 Rxa4 22.
exd5 Bxd5 23. Ne4 Bxe4 24. dxe4 c4 25. Kh2 Bc5 26. Bc1 Rd8 27. Bh6 Bf8 28. Rxg7+
Bxg7 29. Rd1 Kf8 30. Bxg7+ Kf7 31. Rxd7+ Rxd7 32. Bh6 Ra2 33. Qg7+ Ke8 34. Qxf6
Rd2 35. Bxd2 1-0

[Event "Euro Online U2300 Day 1"]
[Site "chess.com INT"]
[Date "2020.05.25"]
[Round "6"]
[White "Berkovich, Mark A"]
[Black "Grutter, Tim"]
[Result "1-0"]
[WhiteTitle "IM"]
[WhiteElo "2326"]
[BlackElo "2253"]
[WhiteFideId "2801639"]
[BlackFideId "1057472"]
[EventDate "2020.05.25"]

1. Nf3 Nf6 2. g3 g6 3. Bg2 Bg7 4. O-O O-O 5. d4 d6 6. b3 Nc6 7. Bb2 Bg4 8. d5
Bxf3 9. exf3 Nb4 10. f4 c5 11. Re1 Re8 12. c4 b5 13. cxb5 a6 14. a3 axb5 15.
axb4 cxb4 16. Nd2 Qb6 17. Nf3 Ng4 18. Bd4 Qb7 19. Bxg7 Kxg7 20. Qd4+ Nf6 21. Nd2
Rac8 22. Ra7 Qb8 23. Raxe7 Rxe7 24. Rxe7 Re8 25. Ne4 1-0

[Event "Euro Online U2300 Day 1"]
[Site "chess.com INT"]
[Date "2020.05.25"]
[Round "6"]
[White "Subelj, Jan"]
[Black "Bozanic, Ivica"]
[Result "0-1"]
[WhiteTitle "FM"]
[BlackTitle "FM"]
[WhiteElo "2408"]
[BlackElo "2162"]
[WhiteFideId "14618583"]
[BlackFideId "14501414"]
[EventDate "2020.05.25"]

1. e4 e5 2. Nf3 Nc6 3. Bb5 f5 4. O-O fxe4 5. Bxc6 dxc6 6. Nxe5 Nf6 7. d4 Bd6 8.
Nc3 O-O 9. Qe2 Bf5 10. Qc4+ Nd5 11. Nxd5 cxd5 12. Qxd5+ Kh8 13. Nf7+ Rxf7 14.
Qxf7 Qh4 15. g3 Qh3 16. f4 Be6 17. Qxe6 Qxe6 18. Be3 Qh3 19. c4 c6 20. Rad1 h5
21. c5 Be7 22. Rf2 Rd8 23. b4 Kg8 24. a4 Qg4 25. Rfd2 h4 26. Kg2 h3+ 27. Kg1 Qf3
28. Re1 Bf6 29. Rf2 Qg4 30. Rd2 Kf7 31. Rf1 g6 32. Re1 Qe6 33. Rb1 Qc4 34. Rbd1
Qxb4 35. d5 Rxd5 36. Rxd5 cxd5 37. Rxd5 Qe1# 0-1

[Event "Euro Online U2300 Day 1"]
[Site "chess.com INT"]
[Date "2020.05.25"]
[Round "6"]
[White "Samaridis, Konstantinos"]
[Black "Dorokhin, Mykhailo"]
[Result "1/2-1/2"]
[WhiteElo "2105"]
[BlackElo "2299"]
[WhiteFideId "4262867"]
[BlackFideId "14114178"]
[EventDate "2020.05.25"]

1. e4 c6 2. Nc3 d5 3. Nf3 Bg4 4. h3 Bxf3 5. Qxf3 e6 6. Be2 Nf6 7. O-O Be7 8. Rd1
O-O 9. d4 b5 10. exd5 exd5 11. Bf4 Bd6 12. Bg5 Nbd7 13. Bd3 Qc7 14. Ne2 Rfe8 15.
Re1 Ne4 16. Bh4 Ndf6 17. Bxf6 Nxf6 18. Ng3 Bf8 19. Re2 Rxe2 20. Nxe2 Re8 21. Ng3
a6 22. Qf5 Qd6 23. Nh5 Ne4 24. Ng3 Qb4 25. Nxe4 dxe4 26. Bxe4 g6 27. Qf3 Qxd4
28. Bxc6 Qxb2 29. Rd1 Re7 30. Qb3 Qxb3 1/2-1/2

[Event "Euro Online U2300 Day 1"]
[Site "chess.com INT"]
[Date "2020.05.25"]
[Round "6"]
[White "Lauda, Alexandr"]
[Black "Puzyrevsky, Semen"]
[Result "1-0"]
[WhiteElo "1984"]
[BlackElo "1667"]
[WhiteFideId "13903179"]
[BlackFideId "24240931"]
[EventDate "2020.05.25"]

1. e4 c6 2. d4 d5 3. exd5 cxd5 4. c4 Nf6 5. Nc3 e6 6. Nf3 Be7 7. cxd5 Nxd5 8.
Bd3 O-O 9. O-O Nc6 10. Re1 Bf6 11. a3 Nce7 12. Ne4 Bd7 13. Nxf6+ Nxf6 14. Bg5
Ned5 15. Ne5 Be8 16. Qf3 h6 17. Bd2 Qb6 18. Bc3 Rc8 19. Nc4 Qc6 20. Bd2 Nb6 21.
Nxb6 Qxf3 22. gxf3 axb6 23. Bb4 Bc6 24. Bxf8 Kxf8 25. Rac1 Ra8 26. Be4 Nd5 27.
Bxd5 exd5 28. Re3 Ra4 29. Rd1 b5 30. b4 Ra8 31. Rde1 g6 32. f4 Kg7 33. Kg2 Rd8
34. Kg3 Rd6 35. Re7 Rd8 36. R1e3 Kf6 37. Rc7 Rf8 38. Ree7 Kg7 39. f5 g5 40. f4
gxf4+ 41. Kxf4 Kf6 42. h4 h5 43. Kf3 Kg7 44. Ke3 Kf6 45. Kf4 Kg7 46. Kg5 Be8 47.
f6+ Kh7 48. Rxb7 Bc6 49. Rxf7+ Rxf7 50. Rxf7+ Kh8 51. Rc7 Be8 52. Kh6 Kg8 53.
f7+ Bxf7 54. Rc8+ Be8 55. Rxe8+ Kf7 56. Re5 Kf6 57. Rxh5 Ke6 58. Re5+ Kd6 59.
Kg6 Kc6 60. h5 Kb6 61. h6 Ka6 62. h7 Kb6 63. h8=Q Ka6 64. Qf6+ Kb7 65. Re7+ Kc8
66. Qf8# 1-0

[Event "Euro Online U2300 Day 1"]
[Site "chess.com INT"]
[Date "2020.05.25"]
[Round "6"]
[White "Osipov, Aleksandr"]
[Black "Schein, Karl-Heinz"]
[Result "1-0"]
[WhiteElo "2030"]
[BlackElo "2187"]
[WhiteFideId "44154364"]
[BlackFideId "1604988"]
[EventDate "2020.05.25"]

1. d4 Nf6 2. c4 g6 3. Nc3 Bg7 4. e4 d6 5. f3 O-O 6. Be3 e5 7. Nge2 Nc6 8. Qd2 a6
9. d5 Na5 10. Nc1 c5 11. Be2 Rb8 12. a4 b6 13. O-O Ne8 14. f4 f5 15. fxe5 dxe5
16. exf5 gxf5 17. Bg5 Qc7 18. Kh1 Nb7 19. Nd3 Nbd6 20. b3 Kh8 21. Rae1 Qf7 22.
Bd1 e4 23. Nf4 Bd4 24. Nce2 Qg7 25. Nh5 Qe5 26. Bf4 Qe7 27. Nxd4 cxd4 28. Qxd4+
Kg8 29. Re3 Kf7 30. Bh6 Rg8 31. b4 Rg6 32. Bf4 Nf6 33. Nxf6 Qxf6 34. Be5 Qh4 35.
Rh3 Qg5 36. Rg3 Qe7 37. Bh5 Bd7 38. c5 bxc5 39. bxc5 Ne8 40. Bxg6+ hxg6 41. Bxb8 1-0

[Event "Euro Online U2300 Day 1"]
[Site "chess.com INT"]
[Date "2020.05.25"]
[Round "6"]
[White "Abbasov, Amil1"]
[Black "Cevizci, Yusuf Baran"]
[Result "1-0"]
[WhiteElo "2172"]
[BlackElo "1789"]
[WhiteFideId "13402277"]
[BlackFideId "34565400"]
[EventDate "2020.05.25"]

1. e4 e6 2. d4 d5 3. Bd3 dxe4 4. Bxe4 Nf6 5. Bf3 c5 6. Ne2 e5 7. dxe5 Qxd1+ 8.
Kxd1 Ng4 9. Bxg4 Bxg4 10. f3 Bd7 11. Nbc3 Bc6 12. Ke1 Nd7 13. Bf4 h6 14. h4 Rg8
15. Kf2 g5 16. hxg5 hxg5 17. Bg3 Bg7 18. Rhe1 O-O-O 19. Nc1 Rge8 20. Nd3 c4 21.
Nb4 Nxe5 22. Bxe5 Bxe5 23. Nxc6 bxc6 24. Rad1 f5 25. g4 fxg4 26. fxg4 Rf8+ 27.
Kg2 Bc7 28. Rxd8+ Rxd8 29. Ne4 Bf4 30. Re2 Kc7 31. Nc5 Kb6 32. Ne6 Rd5 33. Nxf4
gxf4 34. Kf3 Kc7 35. Kxf4 Rd4+ 36. Kf5 Rd5+ 37. Kf6 Rd6+ 38. Kg5 Rd5+ 39. Kh4
Rd4 40. Kh5 Rd1 41. g5 Rh1+ 42. Kg6 Kd6 43. Kg7 a5 44. g6 1-0

[Event "Euro Online U2300 Day 1"]
[Site "chess.com INT"]
[Date "2020.05.25"]
[Round "6"]
[White "Berke, Ana"]
[Black "Ionescu, Cristian-Dan"]
[Result "0-1"]
[WhiteTitle "WIM"]
[BlackTitle "FM"]
[WhiteElo "2090"]
[BlackElo "2287"]
[WhiteFideId "14510359"]
[BlackFideId "1200860"]
[EventDate "2020.05.25"]

1. e4 c5 2. Nf3 d6 3. Bb5+ Bd7 4. Bxd7+ Nxd7 5. c4 g6 6. O-O Bg7 7. d4 cxd4 8.
Nxd4 Ngf6 9. Nc3 O-O 10. Bg5 Qa5 11. Qd2 Rfc8 12. f3 Rxc4 13. Be3 a6 14. a4 Rac8
15. h4 Ne5 16. Ra3 R4c7 17. Qe2 Nc4 18. Rb3 Nxe3 19. Qxe3 Qc5 20. Nc2 e6 21. Rd1
Nd7 22. Kf2 Ne5 23. Qxc5 dxc5 24. Ne3 Nc6 25. Nc2 Nd4 26. Nxd4 cxd4 27. Nb1 Rc2+
28. Rd2 R8c7 29. g3 Bf8 30. Ke2 e5 31. Kd3 Rc1 32. Na3 h5 33. f4 Rg1 34. fxe5
Rxg3+ 35. Kxd4 Rxb3 36. Kd5 Rd7+ 0-1

[Event "Euro Online U2300 Day 1"]
[Site "chess.com INT"]
[Date "2020.05.25"]
[Round "6"]
[White "Ivic, Velimir"]
[Black "Rusu, Vlad"]
[Result "0-1"]
[WhiteTitle "GM"]
[WhiteElo "2548"]
[BlackElo "1833"]
[WhiteFideId "950122"]
[BlackFideId "55623344"]
[EventDate "2020.05.25"]

1. e4 e5 2. Nf3 Nc6 3. Bb5 Nf6 4. O-O Nxe4 5. d4 exd4 6. Re1 f5 7. Nxd4 Nxd4 8.
Qxd4 c6 9. Bd3 d5 10. f3 Qa5 11. Qe5+ Kf7 12. Bd2 Bc5+ 13. Kf1 Nxd2+ 14. Nxd2
Qxd2 15. Qc7+ Kg6 16. Re2 Qg5 17. Rae1 h6 18. Re8 Rxe8 19. Rxe8 Qd2 20. Re2 Qc1+
21. Re1 Qg5 22. Re8 Qh4 23. Ke2 Qf2+ 24. Kd1 Be3 25. Qg3+ Qxg3 26. hxg3 Bc5 27.
g4 Kf7 28. Rd8 Be7 29. Rh8 fxg4 30. Bf5 gxf3 31. g4 Bxf5 32. Rxa8 Bxg4 0-1

[Event "Euro Online U2300 Day 1"]
[Site "chess.com INT"]
[Date "2020.05.25"]
[Round "6"]
[White "Dalkowski, Rafal"]
[Black "Grela, Kacper"]
[Result "1-0"]
[BlackTitle "FM"]
[WhiteElo "1877"]
[BlackElo "2377"]
[WhiteFideId "21862460"]
[BlackFideId "1154141"]
[EventDate "2020.05.25"]

1. d4 d5 2. c4 e6 3. Nc3 Be7 4. Nf3 Nf6 5. Bg5 O-O 6. e3 h6 7. Bh4 Ne4 8. Bg3
Nxg3 9. hxg3 dxc4 10. Bxc4 Nd7 11. O-O Nb6 12. Bd3 Nd5 13. Rc1 Bd7 14. Bb1 Nxc3
15. bxc3 c5 16. Qd3 f5 17. d5 exd5 18. Qxd5+ Kh8 19. Qxb7 Rb8 20. Qxa7 Bc6 21.
Ne5 Bb7 22. Ng6+ Kh7 23. Nxf8+ Bxf8 24. Bxf5+ Kh8 25. e4 Qc7 26. Qa4 Ra8 27. Qc2
c4 28. Rcd1 Bc5 29. Rd7 Qc6 30. Qd2 Bb6 31. Rd1 Rf8 32. Rd6 Qc5 33. Rxh6+ Kg8
34. Be6+ Rf7 35. Bxf7+ Kxf7 36. Qd7+ Kg8 37. Qe8+ Qf8 38. Rh8+ 1-0

[Event "Euro Online U2300 Day 1"]
[Site "chess.com INT"]
[Date "2020.05.25"]
[Round "6"]
[White "Bianchi, Guillaume"]
[Black "Hoffmann, Hendrik"]
[Result "0-1"]
[BlackTitle "FM"]
[WhiteElo "2173"]
[BlackElo "2250"]
[WhiteFideId "625370"]
[BlackFideId "4618130"]
[EventDate "2020.05.25"]

1. d4 d5 2. c4 dxc4 3. e4 e5 4. Nf3 exd4 5. Bxc4 Nc6 6. O-O Be6 7. Bxe6 fxe6 8.
Qa4 Qd7 9. Qb3 Nf6 10. e5 Nd5 11. Nbd2 Be7 12. Ne4 O-O 13. Bd2 Rf5 14. Ng3 Rxf3
15. Qxf3 Nxe5 16. Qe4 Bf6 17. Nh5 Qf7 18. Nxf6+ Qxf6 19. f4 Nc4 20. Bc1 c5 21.
f5 Nce3 22. Bxe3 Nxe3 23. Qxb7 Rf8 24. Rf2 exf5 25. Qxa7 Qe5 26. Rc1 Ng4 27.
Qxc5 Qxh2+ 28. Kf1 Re8 0-1

[Event "Euro Online U2300 Day 1"]
[Site "chess.com INT"]
[Date "2020.05.25"]
[Round "6"]
[White "Schekachikhin, Maksim"]
[Black "Tadic, Stefan"]
[Result "1-0"]
[WhiteTitle "IM"]
[BlackTitle "FM"]
[WhiteElo "2406"]
[BlackElo "2257"]
[WhiteFideId "24177830"]
[BlackFideId "958980"]
[EventDate "2020.05.25"]

1. Nf3 c5 2. e3 Nf6 3. b3 Nc6 4. Bb2 d6 5. d4 cxd4 6. exd4 e6 7. Bd3 d5 8. Ne5
Bd6 9. O-O O-O 10. Nd2 Ne7 11. c4 b6 12. Rc1 Ba6 13. Qe2 Rc8 14. Rfd1 Ng6 15.
Nxg6 hxg6 16. Nf3 Bf4 17. Rc2 dxc4 18. bxc4 Bb7 19. Ne5 Nd7 20. Ba3 Re8 21. g3
Bxe5 22. dxe5 Qc7 23. Be4 Qxe5 24. Bxb7 1-0

[Event "Euro Online U2300 Day 1"]
[Site "chess.com INT"]
[Date "2020.05.25"]
[Round "6"]
[White "Hansen, Carsten"]
[Black "Boe, Mads"]
[Result "1-0"]
[WhiteTitle "FM"]
[BlackTitle "FM"]
[WhiteElo "2270"]
[BlackElo "2284"]
[WhiteFideId "1400444"]
[BlackFideId "1401408"]
[EventDate "2020.05.25"]

1. Nf3 d5 2. g3 c6 3. Bg2 Nf6 4. b3 Bf5 5. Bb2 Nbd7 6. c4 e6 7. d3 h6 8. Nbd2
Bc5 9. O-O O-O 10. a3 a5 11. cxd5 exd5 12. Nd4 Bh7 13. Bh3 Re8 14. Nf5 Nf8 15.
e3 Ne6 16. Nf3 Ng5 17. Nxg5 hxg5 18. Qf3 Bf8 19. Rfd1 Nd7 20. Rab1 Ne5 21. Qe2
Bxf5 22. Bxf5 g6 23. Bh3 Bg7 24. Bd4 Qd6 25. b4 axb4 26. axb4 f5 27. Bg2 g4 28.
Bxe5 Qxe5 29. d4 Qd6 30. b5 Ra4 31. Rdc1 Bxd4 32. Qd1 1-0

[Event "Euro Online U2300 Day 1"]
[Site "chess.com INT"]
[Date "2020.05.25"]
[Round "6"]
[White "Gavriilidis, Georgios"]
[Black "Khachatryan, Samvel S."]
[Result "1-0"]
[WhiteElo "2134"]
[BlackElo "2179"]
[WhiteFideId "4206894"]
[BlackFideId "13309048"]
[EventDate "2020.05.25"]

1. d4 Nf6 2. c4 e6 3. g3 c5 4. d5 exd5 5. cxd5 d6 6. Nc3 g6 7. Bg2 Bg7 8. Nf3 a6
9. a4 O-O 10. O-O Re8 11. Nd2 Nbd7 12. h3 Nh5 13. Nc4 Ne5 14. Na3 f5 15. e4 fxe4
16. Nxe4 Nf6 17. Ng5 Nf7 18. Nxf7 Kxf7 19. Nc4 Qc7 20. Bf4 Rd8 21. g4 h6 22. Qd2
g5 23. Bg3 Rb8 24. f4 gxf4 25. Bxf4 b5 26. axb5 axb5 27. Na5 Rh8 28. Nc6 Rb7 29.
Rae1 Bd7 30. Re7+ Kg8 31. g5 hxg5 32. Bxg5 Ne8 33. Qf4 Qc8 34. Qf7+ Kh7 35. Be4+ 1-0

[Event "Euro Online U2300 Day 1"]
[Site "chess.com INT"]
[Date "2020.05.25"]
[Round "6"]
[White "Canal Oliveras, Joan"]
[Black "Halmeenmaki, Tuomo"]
[Result "0-1"]
[WhiteElo "2205"]
[BlackElo "2132"]
[WhiteFideId "2211394"]
[BlackFideId "502774"]
[EventDate "2020.05.25"]

1. e4 e6 2. d4 d5 3. Nc3 Bb4 4. e5 Ne7 5. a3 Bxc3+ 6. bxc3 b6 7. Qg4 Ng6 8. h4
h5 9. Qg3 Ba6 10. Ne2 Kf8 11. a4 Kg8 12. f4 Ne7 13. Qg5 Nbc6 14. Ng3 Bxf1 15.
Rxf1 g6 16. f5 Nxf5 17. Nxf5 Qxg5 18. Bxg5 gxf5 19. Rf3 Kh7 20. Ke2 Na5 21. Raf1
Rac8 22. Rg3 Rhg8 23. Rff3 c5 24. Kd3 cxd4 25. cxd4 Rc4 26. Bf6 Rg4 27. Rxg4
hxg4 28. Rxf5 0-1

[Event "Euro Online U2300 Day 1"]
[Site "chess.com INT"]
[Date "2020.05.25"]
[Round "6"]
[White "Sokolovsky, Yahli"]
[Black "Kosmidis, Ioannis"]
[Result "0-1"]
[WhiteElo "2123"]
[BlackElo "2130"]
[WhiteFideId "2820242"]
[BlackFideId "4253876"]
[EventDate "2020.05.25"]

1. e4 e6 2. d4 d5 3. Nd2 Nf6 4. e5 Nfd7 5. Bd3 c5 6. c3 Nc6 7. Ne2 cxd4 8. cxd4
f6 9. exf6 Nxf6 10. Nf3 Bd6 11. O-O Qc7 12. Bd2 O-O 13. Rc1 a6 14. Ne5 Bxe5 15.
dxe5 Qxe5 16. Bf4 Qh5 17. Bg3 e5 18. Nc3 Qxd1 19. Rfxd1 Be6 20. Bc2 Rad8 21. Bb3
Rfe8 22. Rd2 d4 23. Bxe6+ Rxe6 24. Na4 Ne4 25. Nc5 Nxc5 26. Rxc5 e4 27. Kf1 Rf8
28. Ke2 e3 29. fxe3 Rxe3+ 30. Kd1 Rf1+ 0-1

[Event "Euro Online U2300 Day 1"]
[Site "chess.com INT"]
[Date "2020.05.25"]
[Round "6"]
[White "Guliev, Sarhan"]
[Black "Ryzhkov, Vjacheslav"]
[Result "1-0"]
[WhiteTitle "GM"]
[WhiteElo "2308"]
[BlackElo "2138"]
[WhiteFideId "13400231"]
[BlackFideId "4198484"]
[EventDate "2020.05.25"]

1. e4 e6 2. Qe2 c5 3. Nf3 Nc6 4. g3 g6 5. Bg2 Bg7 6. O-O Nge7 7. Re1 d6 8. c3
O-O 9. d3 Bd7 10. h4 Rb8 11. h5 gxh5 12. Nh2 h4 13. gxh4 f5 14. exf5 Nxf5 15.
Bg5 Qe8 16. Nf3 Qg6 17. Nbd2 h6 18. Be3 Bf6 19. Ne4 Bxh4 20. Nxd6 Bxf2+ 21. Bxf2
Nxd6 22. Bxc5 Rxf3 23. Qxf3 Nf5 24. Re4 Kh7 25. Rg4 Qf6 26. Rf1 Ne5 27. Qf4 Nxg4
28. Qxb8 Qg5 29. Qc7 1-0

[Event "Euro Online U2300 Day 1"]
[Site "chess.com INT"]
[Date "2020.05.25"]
[Round "6"]
[White "Han, Yichen"]
[Black "Willow, Jonah B"]
[Result "1/2-1/2"]
[WhiteTitle "FM"]
[BlackTitle "FM"]
[WhiteElo "2307"]
[BlackElo "2386"]
[WhiteFideId "1054430"]
[BlackFideId "438804"]
[EventDate "2020.05.25"]

1. e4 c5 2. Nf3 Nc6 3. d4 cxd4 4. Nxd4 g6 5. Nc3 Bg7 6. Be3 Nf6 7. Bc4 O-O 8.
Bb3 d6 9. f3 Bd7 10. Qd2 Nxd4 11. Bxd4 b5 12. h4 a5 13. h5 a4 14. Bxf6 exf6 15.
Bd5 b4 16. Ne2 Rc8 17. hxg6 hxg6 18. g4 Be6 19. Nf4 Re8 20. Qh2 a3 21. Qh7+ Kf8
22. Bxe6 fxe6 23. Nxg6+ Kf7 24. Qh5 Kg8 25. Qh7+ Kf7 26. Qh5 Qc7 27. Nh8+ Kg8
28. bxa3 bxa3 29. c4 d5 30. Rd1 dxe4 31. fxe4 Red8 32. Qh7+ Kf8 33. Rxd8+ Rxd8
34. O-O Qc5+ 35. Kh1 Qd4 36. g5 f5 37. Ng6+ Kf7 38. exf5 Qe4+ 39. Kg1 Qg4+ 40.
Kh1 Qe4+ 41. Kg1 1/2-1/2

[Event "Euro Online U2300 Day 1"]
[Site "chess.com INT"]
[Date "2020.05.25"]
[Round "6"]
[White "Kiolbasa, Oliwia"]
[Black "Eminov, Orkhan"]
[Result "0-1"]
[WhiteTitle "WIM"]
[BlackTitle "FM"]
[WhiteElo "2160"]
[BlackElo "2327"]
[WhiteFideId "1154613"]
[BlackFideId "13402153"]
[EventDate "2020.05.25"]

1. e4 c5 2. Nf3 g6 3. d4 cxd4 4. Nxd4 Nc6 5. c4 Nf6 6. Nc3 Nxd4 7. Qxd4 d6 8.
Be2 Bg7 9. Be3 O-O 10. Qd2 a5 11. f3 a4 12. Rc1 Be6 13. O-O Qa5 14. Rfd1 Rfc8
15. Nd5 Qxd2 16. Bxd2 Bxd5 17. cxd5 Nd7 18. Bb5 Nc5 19. Rc2 a3 20. b4 Nb3 21.
Bc4 Na1 22. Rcc1 Bb2 23. Kf2 Bxc1 24. Rxc1 Rc7 25. Ke2 Rac8 26. Kd3 b5 27. Rxa1
Rxc4 28. g3 Rc2 29. h4 Rb2 30. Bc3 Rf2 31. Bd4 Rxf3+ 0-1

[Event "Euro Online U2300 Day 1"]
[Site "chess.com INT"]
[Date "2020.05.25"]
[Round "6"]
[White "Koutlas, Nikolaos"]
[Black "Guindy, Esmat Susanne"]
[Result "1-0"]
[BlackTitle "WFM"]
[WhiteElo "2032"]
[BlackElo "2131"]
[WhiteFideId "25827138"]
[BlackFideId "1401637"]
[EventDate "2020.05.25"]

1. e4 e6 2. d4 d5 3. Nd2 Nf6 4. e5 Nfd7 5. f4 c5 6. c3 Nc6 7. Ngf3 cxd4 8. cxd4
Qb6 9. Nb3 f6 10. Bd3 a5 11. exf6 Nxf6 12. a4 Bb4+ 13. Kf2 O-O 14. g3 e5 15.
fxe5 Ng4+ 16. Kg2 Ngxe5 17. dxe5 Nxe5 18. Bf4 Bg4 19. Be2 Nxf3 20. Bxf3 Bxf3+
21. Qxf3 Rad8 22. Rad1 d4 23. h4 Kh8 24. Rhf1 Qg6 25. Nxd4 Rd7 26. h5 Qb6 27. h6
Rxd4 28. hxg7+ Kxg7 29. Be5+ 1-0

[Event "Euro Online U2300 Day 1"]
[Site "chess.com INT"]
[Date "2020.05.25"]
[Round "6"]
[White "Nareks, Matic"]
[Black "Uhmann, Jan"]
[Result "0-1"]
[WhiteElo "2015"]
[BlackElo "2009"]
[WhiteFideId "14629526"]
[BlackFideId "306363"]
[EventDate "2020.05.25"]

1. e4 e5 2. Nf3 Nc6 3. Bc4 Bc5 4. O-O Nf6 5. d3 d6 6. c3 Bg4 7. Nbd2 Qd7 8. Re1
Bb6 9. Nf1 O-O 10. h3 Bh5 11. Ng3 Bg6 12. Nh4 d5 13. exd5 Nxd5 14. Nxg6 hxg6 15.
h4 Rad8 16. h5 gxh5 17. Qxh5 Nf6 18. Qe2 Na5 19. Bg5 Ng4 20. Rf1 Rde8 21. Bb5
Nc6 22. Bxc6 bxc6 23. a4 a5 24. Be3 Nxe3 25. fxe3 f5 26. Kh1 f4 27. exf4 exf4
28. Ne4 Re6 29. g3 Rh6+ 30. Kg2 Qh3+ 31. Kf3 fxg3+ 32. Nf6+ Rhxf6+ 33. Ke4 Re8# 0-1

[Event "Euro Online U2300 Day 1"]
[Site "chess.com INT"]
[Date "2020.05.25"]
[Round "6"]
[White "Pazdziora, Michal"]
[Black "Potapenko, Denis"]
[Result "0-1"]
[WhiteElo "2197"]
[BlackElo "2150"]
[WhiteFideId "1124234"]
[BlackFideId "4132769"]
[EventDate "2020.05.25"]

1. d4 Nf6 2. c4 g6 3. Nc3 d5 4. Nf3 Bg7 5. Bg5 Ne4 6. Nxd5 Nxg5 7. Nxg5 e6 8.
Qa4+ Bd7 9. Qb3 exd5 10. cxd5 b6 11. d6 O-O 12. dxc7 Qxg5 13. cxb8=Q Raxb8 14.
e3 Qa5+ 15. Qc3 Qxc3+ 16. bxc3 Rfc8 17. c4 b5 18. cxb5 Bxb5 19. Bxb5 Rxb5 20.
O-O Rc2 21. a4 Rbb2 22. a5 f5 23. a6 f4 24. Ra5 fxe3 25. Rd5 e2 26. Re1 Rd2 27.
Rd8+ Kf7 28. Rd7+ Kf8 29. Rxa7 Rd1 30. Ra8+ Ke7 31. h4 Rxe1+ 32. Kh2 Rh1+ 0-1

[Event "Euro Online U2300 Day 1"]
[Site "chess.com INT"]
[Date "2020.05.25"]
[Round "6"]
[White "Baranow, Sergey"]
[Black "Ioannidis, Evgenios"]
[Result "1-0"]
[BlackTitle "IM"]
[WhiteElo "2192"]
[BlackElo "2401"]
[WhiteFideId "24155055"]
[BlackFideId "4229274"]
[EventDate "2020.05.25"]

1. e4 c5 2. d4 cxd4 3. Nf3 Nf6 4. e5 Nd5 5. Bc4 Nc6 6. O-O Nb6 7. Bb3 d6 8. Nxd4
Nxe5 9. Nc3 e6 10. a4 Be7 11. a5 Nbd7 12. Bxe6 O-O 13. Bh3 Nf6 14. Bxc8 Rxc8 15.
Bg5 h6 16. Bxf6 Bxf6 17. Nd5 Nc6 18. Nf5 Bxb2 19. Rb1 Be5 20. Rxb7 Re8 21. Qg4
Kf8 22. Kh1 Qg5 23. Qh3 Nd8 24. Rxa7 Rxc2 25. Nfe3 Re2 26. Qf3 Ra2 27. h3 Qg6
28. Nc7 Re7 29. Ra8 Rd7 30. Ng4 Qc2 31. Nxe5 dxe5 32. Ne6+ Ke7 33. Rxd8 Rxd8 34.
Nxd8 Kxd8 35. Qxf7 Rxa5 36. Qf8+ Kd7 37. Qxg7+ Ke6 38. Qxh6+ Kd5 39. Qh5 Ra4 40.
Rd1+ Rd4 41. Re1 Qxf2 42. Qxe5+ Kc4 43. Rc1+ 1-0

[Event "Euro Online U2300 Day 1"]
[Site "chess.com INT"]
[Date "2020.05.25"]
[Round "6"]
[White "Paulauskas, Andrius"]
[Black "Ragnarsson, Johann"]
[Result "0-1"]
[WhiteElo "1904"]
[BlackElo "1956"]
[WhiteFideId "12807346"]
[BlackFideId "2301040"]
[EventDate "2020.05.25"]

1. e4 c6 2. c4 d5 3. cxd5 cxd5 4. exd5 Nf6 5. Bb5+ Nbd7 6. Nc3 g6 7. d4 Bg7 8.
Nge2 O-O 9. O-O Nb6 10. Qb3 a6 11. Bc4 Bf5 12. a4 Rc8 13. Bxa6 bxa6 14. Bg5
Nbxd5 15. Rac1 Nxc3 16. Nxc3 Bd3 17. Rfe1 Bc4 18. Qa3 Re8 19. Rcd1 h6 20. Bh4 g5
21. Bg3 e6 22. Be5 Nd5 23. Ne4 Bf8 24. Qh3 f6 25. Qh5 fxe5 26. Qg6+ Bg7 27. dxe5
Qe7 28. Nd6 Nf4 29. Qe4 Bd5 30. Rxd5 exd5 31. Qb1 Qe6 32. g3 Ng6 33. h4 gxh4 34.
f4 Qg4 35. Nxc8 Qxg3+ 36. Kf1 Rxc8 37. e6 Nxf4 38. Re2 Nxe2 39. Kxe2 Qe5+ 40.
Kf3 Rf8+ 41. Kg4 Qxe6+ 42. Kxh4 Rf4+ 43. Kg3 Qg4+ 44. Kh2 Rf2+ 45. Kh1 Qh3+ 46.
Kg1 Qg2# 0-1

[Event "Euro Online U2300 Day 1"]
[Site "chess.com INT"]
[Date "2020.05.25"]
[Round "6"]
[White "Martinkus, Rolandas"]
[Black "Queirolo Perez, Manuel"]
[Result "1-0"]
[WhiteTitle "FM"]
[WhiteElo "2117"]
[BlackElo "2145"]
[WhiteFideId "12800481"]
[BlackFideId "3401219"]
[EventDate "2020.05.25"]

1. Nf3 c5 2. g3 Nc6 3. Bg2 d5 4. d4 cxd4 5. Nxd4 e6 6. O-O Nf6 7. c4 Qb6 8. Nxc6
bxc6 9. Nc3 Be7 10. e4 dxc4 11. Na4 Qc7 12. Qc2 a5 13. Rd1 O-O 14. Qxc4 Ba6 15.
Qc2 Rfd8 16. Be3 Rxd1+ 17. Rxd1 Rb8 18. Bc5 Bb5 19. Bxe7 Qxe7 20. Nc5 g6 21. h3
Rd8 22. Rxd8+ Qxd8 23. a4 Qd4 24. axb5 cxb5 25. Qc3 Qd1+ 26. Kh2 Nh5 27. Qxa5
Qe2 28. Qd8+ Kg7 29. Qd4+ Kg8 30. e5 h6 31. b4 Ng7 32. Qe3 Qc4 33. Qxh6 Nf5 34.
Qf4 Nd4 35. Nd7 Qxb4 36. Nf6+ Kf8 37. Qh6+ Ke7 38. Qh8 1-0